| 000 | 00516nam a2200181Ia 4500 | ||
|---|---|---|---|
| 008 | 100917s9999 xx 000 0 und d | ||
| 082 | _b61910 | ||
| 100 | _aवर्मा निर्मल | ||
| 245 | _aबीच वहस में | ||
| 260 |
_bसंभावना प्रकाशन _c1973 |
||
| 300 | _a124 | ||
| 365 | _b6 | ||
| 520 | _aहिन्दी | ||
| 630 | _aबीच वहस में | ||
| 650 | _aहिन्दी | ||
| 730 | _aबीच वहस में | ||
| 942 | _cBOOK | ||
| 999 |
_c667304 _d667301 |
||